000 00295nam a22001337a 4500
008 170418b xxu||||| |||| 00| 0 eng d
020 _a9780697219909
041 _aeng
080 _26TH
_a573
100 _a10
101 _aSHM
245 _aBIOLOGY OF ANIMALS
_cHICKMAN, C.P
942 _2udc
_cBK
999 _c10930
_d10930